Compliance : (Record no. 493)

MARC details
000 -LÍDER
Campo Fixo de Controle 00903nam a2200277 a 4500
001 - NÚMERO DE CONTROLE
Campo de Controle 493
003 - IDENTIFICAÇÃO DO NÚMERO DE CONTROLE
Campo de Controle BR-CuiBMT
005 - DATA E HORA DA ÚLTIMA ATUALIZAÇÃO
Campo de Controle 20231107234627.0
008 - DADOS FIXOS
Dados Fixos 231107s2019 mgba 000 0 por d
020 ## - INTERNATIONAL STANDARD BOOK NUMBER
Nº do ISBN 9788545005643
040 ## - AGÊNCIA CATALOGADORA
Código da Agência Catalogadora BR-CuiBMT
Agência que transcreveu o registro BR-CuiBMT
080 ## - Nº DA CLASSIFICAÇÃO DECIMAL UNIVERSAL
Nº edição CDU 2007
Nº Class. CDU 34:336.2
090 ## - NÚMERO DE CHAMADA
Nº classificação 34:336.2
Cutter C737
Ano/Edição 1. reimp.
245 1# - TÍTULO PRINCIPAL
Título principal Compliance :
Subtítulo perspectivas e desafios dos programas de conformidade /
Indicação de responsabilidade Ricardo Villas Bôas Cueva, Ana Frazão ; prefácio, Luís Roberto Barroso.
250 ## - EDIÇÃO
Edição 1. reimp.
260 ## - PUBLICAÇÃO, DISTRIBUIÇÃO, ETC.
Local de publicação Belo Horizonte :
Editora Fórum,
Data 2019.
300 ## - DESCRIÇÃO FÍSICA
N. páginas ou volumes 527 p.:
Ilustrações il.
Dimensões 22 cm
504 ## - NOTA DE BIBLIOGRAFIA, ETC.
Nota de bibliografia Inclui bibliografia.
650 ## - ASSUNTO TÓPICO
Cabeçalho tópico ou nome geográfico Direito econômico
650 ## - ASSUNTO TÓPICO
Cabeçalho tópico ou nome geográfico Direito penal econômico
650 ## - ASSUNTO TÓPICO
Cabeçalho tópico ou nome geográfico Governança corporativa
650 ## - ASSUNTO TÓPICO
Cabeçalho tópico ou nome geográfico Auditoria de conformidade
700 ## - ENTRADA SECUNDÁRIA -- NOME PESSOAL
Cód. do termo explicativo coord.
Nome pessoal Cueva, Ricardo Villas Bôas,
Datas associadas ao nome 1962-
700 ## - ENTRADA SECUNDÁRIA -- NOME PESSOAL
Cód. do termo explicativo coord.
Nome pessoal Frazão, Ana
942 ## - ELEMENTOS DE ENTRADA ADICIONAIS (KOHA)
Fonte de classificação ou esquema de arquivamento Classificação Decimal Universal
Tipo de item do Koha Livros
Holdings
Estado: removido Estado: perdido Fonte de classificação ou esquema de arquivamento Estado: danificado Indisponível para empréstimo Localização permanente Localização atual Data de aquisição Total Checkouts Número de Chamada completo Código de barras Date last seen Número do exemplar Preço efetivo a partir de Tipo de item (Koha)
    Classificação Decimal Universal     Biblioteca da Escola Superior de Contas do TCE/MT Biblioteca da Escola Superior de Contas do TCE/MT 31/01/2019   34:336.2 C737 BIBTCEMT23110252 07/11/2023 Ex. 1 07/11/2023 Livros
    Classificação Decimal Universal     Biblioteca da Escola Superior de Contas do TCE/MT Biblioteca da Escola Superior de Contas do TCE/MT 31/10/2019   34:336.2 C737 BIBTCEMT23110253 07/11/2023 Ex. 2 07/11/2023 Livros

Powered by Koha